| 000 | 00000nam##2200000za#4500 |
| 001 | 9.575130 |
| 003 | CaOODSP |
| 005 | 20240215150447 |
| 007 | cr ||||||||||| |
| 008 | 150406|2010||||xxc|||||o f|0| 0 eng|d |
| 040 | |aCaOODSP|beng |
| 043 | |an-cn--- |
| 086 | 1 |aPS83-3/229E-PDF |
| 110 | 2 |aCorrectional Service Canada. |
| 245 | 12|aA descriptive profile of older women offenders / |h[electronic resource]|c[by] Leigh Greiner & Kim Allenby. |
| 260 | |aOttawa - Ontario : |bCorrectional Service Canada |cNovember 2010. |
| 300 | |a59p.|breferences, tables |
| 490 | 1 |aResearch report|vR-229 |
| 590 | |a12-38-Supp|b2012-09-27 |
| 720 | 1 |aAllenby, Kim |
| 720 | 1 |aGreiner, Leigh |
| 775 | 08|tProfil descriptif des délinquantes âgées / |w(CaOODSP)9.604740 |
| 830 | #0|aResearch report (Correctional Service Canada. Research Branch)|vR-229|w(CaOODSP)9.506063 |
| 856 | 40|ahttp://publications.gc.ca|qPDF|s309 KB|uhttps://publications.gc.ca/collections/collection_2012/scc-csc/PS83-3-229-eng.pdf|yR-229 |